| 000 | 00544nam a22001697a 4500 | ||
|---|---|---|---|
| 999 |
_c62687 _d62687 |
||
| 005 | 20250123104405.0 | ||
| 008 | 250123s2022 enk||||| |||| 00| 0 eng d | ||
| 020 | _a9781911671541x | ||
| 041 | _aeng | ||
| 080 | _a005.93 W-63 | ||
| 100 |
_aWhite, Dan _924094 |
||
| 245 |
_aThe Soft Skills Book: _bThe key difference to becoming highly effective and valued / |
||
| 264 |
_aMadrid : _b LID Publishing, _c2022. |
||
| 300 |
_a192 p.: _bill.; _c18 cm. |
||
| 653 | _aმართვა. მენეჯმენტი | ||
| 942 |
_2udc _cᲬᲘᲒᲜᲘ |
||